[Event "Turkish Super League 2019"]
[Site "Konya"]
[Date "2019.07.21"]
[Round "6"]
[White "Quparadze, Giga"]
[Black "Sarana, Alexey"]
[Result "0-1"]
[WhiteElo "2499"]
[BlackElo "2640"]
[Annotator "ChessBase"]
[PlyCount "80"]
[EventDate "2019.07.17"]
[EventType "team-tourn"]
[EventCountry "TUR"]
[SourceTitle "playchess.com"]
[Source "ChessBase"]
[SourceQuality "1"]
[TimeControl "40/5400+30:1800+30"]

1. e4 {[%emt 0:00:30]} c5 {[%emt 0:00:30]} 2. Nf3 {[%emt 0:00:30]} d6 {[%emt 0:00:00]} 3. d4 {[%emt 0:00:00]} cxd4 {[%emt 0:00:00]} 4. Nxd4 {[%emt 0:00:00]} Nf6 {[%emt 0:00:00]} 5. Nc3 {[%emt 0:00:00]} a6 {[%emt 0:00:00]} 6. g3 {[%emt 0:00:00]} e6 {[%emt 0:00:30]} 7. Bg2 {[%emt 0:00:30]} Be7 {[%emt 0:00:00]} 8. O-O {[%emt 0:00:00]} O-O {[%emt 0:00:00]} 9. a4 {[%emt 0:00:00]} Nc6 {[%emt 0:00:00]} 10. Be3 {[%emt 0:00:00]} Ne5 {[%emt 0:03:00]} 11. Qe2 {[%emt 0:01:00]} Qc7 {[%emt 0:00:00]} 12. f4 {[%emt 0:00:30]} Nc4 {[%emt 0:00:00]} 13. Bc1 {[%emt 0:00:00]} Qc5 {[%emt 0:03:30]} 14. Rd1 {[%emt 0:12:00]} e5 {[%emt 0:02:30]} 15. b4 {[%emt 0:04:30]} Qxb4 {[%emt 0:02:30]} 16. Nd5 {[%emt 0:00:30]} Nxd5 {[%emt 0:00:30]} 17. exd5 {[%emt 0:00:00]} exd4 {[%emt 0:06:30]} 18. Qxe7 {[%emt 0:00:00]} Qc3 {[%emt 0:00:30]} 19. Ra2 {[%emt 0:00:30]} Ne3 {[%emt 0:03:30]} 20. Bd2 {[%emt 0:03:30]} Qc4 {[%emt 0:03:30]} 21. Bxe3 {[%emt 0:03:30]} dxe3 {[%emt 0:00:30]} 22. Raa1 {[%emt 0:03:30]} Bg4 {[%emt 0:01:30]} 23. Re1 {[%emt 0:00:30]} Rfe8 {[%emt 0:00:00]} 24. Qxd6 {[%emt 0:02:30]} Qxc2 {[%emt 0:01:00]} 25. Kh1 {[%emt 0:00:00]} Rac8 {[%emt 0:00:30]} 26. f5 {[%emt 0:03:00]} Qd2 {[%emt 0:07:30]} 27. Qd7 {[%emt 0:01:30]} g6 {[%emt 0:00:00]} 28. Qxb7 {[%emt 0:00:30]} Rc2 {[%emt 0:02:00]} 29. d6 {[%emt 0:00:30]} Bh3 {[%emt 0:00:30]} 30. Rg1 {[%emt 0:00:30]} Bxg2+ {[%emt 0:00:30]} 31. Qxg2 {[%emt 0:00:30]} e2 {[%emt 0:00:30]} 32. Rge1 {[%emt 0:00:30]} Qxd6 {[%emt 0:00:00]} 33. fxg6 {[%emt 0:00:30]} hxg6 {[%emt 0:00:00]} 34. Qf3 {[%emt 0:00:30]} Re6 {[%emt 0:00:30]} 35. Rab1 {[%emt 0:00:30]} Qd4 {[%emt 0:01:30]} 36. a5 {[%emt 0:02:30]} Rf6 {[%emt 0:00:30]} 37. Qg2 {[%emt 0:01:30]} Qd2 {[%emt 0:00:30]} 38. Qa8+ {[%emt 0:01:30]} Kg7 {[%emt 0:00:30]} 39. Kg2 {[%emt 0:00:30]} Qe3 {[%emt 0:01:30]} 40. Kh1 {[%emt 0:00:00]} Rf1+ {[%emt 0:00:00]} 0-1

[Event "Turkish Super League 2019"]
[Site "Konya"]
[Date "2019.07.21"]
[Round "6"]
[White "Atalik, Ekaterina"]
[Black "Ozturk, Kubra"]
[Result "1/2-1/2"]
[WhiteElo "2459"]
[BlackElo "2317"]
[Annotator "ChessBase"]
[PlyCount "115"]
[EventDate "2019.07.17"]
[EventType "team-tourn"]
[EventCountry "TUR"]
[SourceTitle "playchess.com"]
[Source "ChessBase"]
[SourceQuality "1"]
[TimeControl "40/5400+30:1800+30"]

1. Nf3 d5 2. e3 Nf6 3. c4 e6 4. b3 c5 5. Bb2 Nc6 6. cxd5 exd5 7. Bb5 Bd6 8. O-O O-O 9. d4 cxd4 10. Nxd4 Bg4 11. Be2 Bxe2 12. Qxe2 Re8 13. Nd2 Rc8 14. N2f3 Ne4 15. Rfd1 Bf8 16. Nf5 Qa5 17. N3d4 g6 18. Nxc6 bxc6 19. Ng3 Nxg3 20. hxg3 Rcd8 21. Qf3 Bg7 22. Bxg7 Kxg7 23. Rd4 Qc3 24. Rad1 Qc2 25. R1d2 Qb1+ 26. Qd1 Qxd1+ 27. Rxd1 Kf6 28. Rc1 Rd6 29. Ra4 Re7 30. g4 h6 31. Kf1 Rc7 32. Rc5 Ke7 33. Ke2 Kd8 34. Kd3 Kc8 35. Rf4 Kb7 36. b4 a6 37. Rf3 Re6 38. Rf4 Rce7 39. a3 Kb6 40. Rf3 Kb7 41. Rc1 Kb6 42. Rf4 Kb5 {[%emt 2:00:00]} 43. Rc5+ {[%emt 1:36:30]} Kb6 {[%emt 0:00:30]} 44. Rc2 {[%emt 0:06:30]} Kb5 {[%emt 0:01:30]} 45. Rc1 {[%emt 0:02:30]} Kb6 {[%emt 0:06:27]} 46. Rh1 {[%emt 0:05:30]} g5 {[%emt 0:02:27]} 47. Rd4 {[%emt 0:00:30]} Kb5 {[%emt 0:02:20]} 48. Rc1 {[%emt 0:00:30]} Kb6 {[%emt 0:01:22]} 49. Rc5 {[%emt 0:03:30]} Kb7 {[%emt 0:03:28]} 50. a4 {[%emt 0:08:30]} Kb6 {[%emt 0:00:32]} 51. a5+ {[%emt 0:00:30]} Kb7 {[%emt 0:00:10]} 52. Rc1 {[%emt 0:01:30]} Re5 {[%emt 0:01:21]} 53. Rh1 {[%emt 0:00:30]} R5e6 {[%emt 0:01:35]} 54. Rh3 {[%emt 0:02:08]} Kc7 {[%emt 0:00:26]} 55. Rf3 {[%emt 0:01:46]} Kd6 {[%emt 0:01:02]} 56. Rf5 {[%emt 0:01:04]} Kd7 {[%emt 0:01:48]} 57. Rf3 {[%emt 0:05:46]} Kd6 {[%emt 0:00:17]} 58. Rf5 {[%emt 0:00:23]} 1/2-1/2

[Event "Turkish Super League 2019"]
[Site "Konya"]
[Date "2019.07.21"]
[Round "6"]
[White "Haznedaroglu, Kivanc"]
[Black "Yaran, Siar"]
[Result "1-0"]
[WhiteElo "2448"]
[BlackElo "2197"]
[Annotator "NA"]
[PlyCount "65"]
[EventDate "2019.07.17"]
[EventType "team-tourn"]
[EventCountry "TUR"]
[SourceTitle "playchess.com"]
[Source "ChessBase"]
[SourceQuality "1"]
[TimeControl "40/5400+30:1800+30"]

1. d4 {[%emt 0:00:30]} d5 {[%emt 0:02:30]} 2. c4 {[%emt 0:01:30]} e6 {[%emt 0:02:30]} 3. Nc3 {[%emt 0:00:30]} Nf6 {[%emt 0:00:30]} 4. cxd5 {[%emt 0:00:30]} exd5 {[%emt 0:00:30]} 5. Bg5 {[%emt 0:00:30]} Be7 {[%emt 0:01:30]} 6. e3 {[%emt 0:00:30]} O-O {[%emt 0:01:30]} 7. Bd3 {[%emt 0:00:00]} c6 {[%emt 0:03:30]} 8. Qc2 {[%emt 0:01:00]} Nbd7 {[%emt 0:02:30]} 9. Nge2 {[%emt 0:00:30]} h6 {[%emt 0:00:30]} 10. Bh4 {[%emt 0:00:30]} Re8 {[%emt 0:02:30]} 11. f3 {[%emt 0:02:30]} b6 {[%emt 0:01:30]} 12. Bf2 {[%emt 0:01:30]} c5 {[%emt 0:03:30]} 13. O-O {[%emt 0:00:30]} Bb7 {[%emt 0:00:30]} 14. Rad1 {[%emt 0:01:30]} a6 {[%emt 0:02:30]} 15. Bf5 {[%emt 0:09:30]} Rc8 {[%emt 0:25:30]} 16. Nf4 {[%emt 0:08:30]} b5 {[%emt 0:06:30]} 17. Qb1 {[%emt 0:38:30]} cxd4 {[%emt 0:12:30]} 18. Rxd4 {[%emt 0:00:30]} Bc5 {[%emt 0:00:30]} 19. Rd3 {[%emt 0:00:30]} Ne5 {[%emt 0:01:30]} 20. Rdd1 {[%emt 0:02:30]} Rc7 {[%emt 0:03:30]} 21. e4 {[%emt 0:05:30]} g6 {[%emt 0:03:30]} 22. Bh3 {[%emt 0:01:30]} d4 {[%emt 0:01:58]} 23. Nd3 {[%emt 0:05:20]} Nxd3 {[%emt 0:11:34]} 24. Qxd3 {[%emt 0:00:59]} Nh5 {[%emt 0:00:39]} 25. Ne2 {[%emt 0:01:40]} Qg5 {[%emt 0:03:24]} 26. Rc1 {[%emt 0:01:29]} Rd8 {[%emt 0:01:10]} 27. Bg4 {[%emt 0:00:43]} Nf4 {[%emt 0:01:35]} 28. Nxf4 {[%emt 0:02:10]} Qxf4 {[%emt 0:00:30]} 29. Bg3 {[%emt 0:00:30]} Qe3+ {[%emt 0:00:30]} 30. Qxe3 {[%emt 0:00:30]} dxe3 {[%emt 0:00:30]} 31. Bxc7 {[%emt 0:00:30]} e2+ {[%emt 0:00:30]} 32. Rxc5 {[%emt 0:00:30]} Rd1 {[%emt 0:00:30]} 33. Re1 {[%emt 0:00:30]} 1-0

[Event "Turkish Super League 2019"]
[Site "Konya"]
[Date "2019.07.21"]
[Round "6"]
[White "Daulyte-Cornette, Deimante"]
[Black "Osmak, Iulija"]
[Result "1/2-1/2"]
[WhiteElo "2444"]
[BlackElo "2395"]
[Annotator "NA"]
[PlyCount "113"]
[EventDate "2019.07.17"]
[EventType "team-tourn"]
[EventCountry "TUR"]
[SourceTitle "playchess.com"]
[Source "ChessBase"]
[SourceQuality "1"]
[TimeControl "40/5400+30:1800+30"]

1. e4 e6 2. d4 d5 3. Nc3 Bb4 4. exd5 exd5 5. Bd3 Ne7 6. Nf3 Bg4 7. O-O h6 8. h3 Bh5 9. Re1 O-O 10. a3 Bxc3 11. bxc3 Nbc6 12. Bf4 Ng6 13. Bh2 Nh4 14. Be2 Nxf3+ 15. Bxf3 Bxf3 16. Qxf3 Na5 17. Re5 c6 18. Rae1 Qd7 19. Qe2 Qd6 20. Re3 Qg6 21. Be5 f6 22. Bd6 Rf7 23. h4 Rd7 24. h5 Qf7 25. Bf4 Nc4 26. Rg3 Kf8 27. Qd3 Re8 28. Rxe8+ Kxe8 29. Qf5 Kd8 30. a4 Qe8 31. Kh2 b6 32. Rg6 Qe4 33. Qg4 Qe7 34. Bg3 Kc8 35. Qf4 Kb7 36. Qb8+ Ka6 37. Qc8+ Rb7 38. Bf4 Qd7 39. Qf8 Qf5 40. Kg3 {[%emt 1:20:00]} Qd7 {[%emt 1:17:00]} 41. Rg4 {[%emt 0:38:30]} Qe7 {[%emt 0:34:30]} 42. Qc8 {[%emt 0:01:30]} Nb2 {[%emt 0:02:30]} 43. Qxc6 {[%emt 0:04:52]} Qd7 {[%emt 0:00:00]} 44. Qd6 {[%emt 0:00:08]} Nxa4 {[%emt 0:09:45]} 45. Qa3 {[%emt 0:02:17]} Qc6 {[%emt 0:00:34]} 46. Kh4 {[%emt 0:05:28]} Qe8 {[%emt 0:05:56]} 47. Bd6 {[%emt 0:05:29]} Rf7 {[%emt 0:00:51]} 48. Kh3 {[%emt 0:02:32]} Kb7 {[%emt 0:02:18]} 49. Kh2 {[%emt 0:01:08]} Rd7 {[%emt 0:02:06]} 50. Qxa4 {[%emt 0:00:52]} Qxh5+ {[%emt 0:00:09]} 51. Kg3 {[%emt 0:00:10]} Qf7 {[%emt 0:01:13]} 52. Ba3 {[%emt 0:01:17]} g5 {[%emt 0:00:24]} 53. Kh2 {[%emt 0:01:36]} Qh5+ {[%emt 0:01:40]} 54. Kg3 {[%emt 0:00:03]} Qf7 {[%emt 0:03:00]} 55. Kh2 {[%emt 0:00:18]} Qh5+ {[%emt 0:00:51]} 56. Kg3 {[%emt 0:00:04]} Qf7 {[%emt 0:03:39]} 57. Kh2 {[%emt 0:00:08]} 1/2-1/2

[Event "Turkish Super League 2019"]
[Site "Konya"]
[Date "2019.07.21"]
[Round "6"]
[White "Soysal, Serkan"]
[Black "Kerigan, Demre"]
[Result "0-1"]
[WhiteElo "2431"]
[BlackElo "2398"]
[Annotator "NA"]
[PlyCount "98"]
[EventDate "2019.07.17"]
[EventType "team-tourn"]
[EventCountry "TUR"]
[SourceTitle "playchess.com"]
[Source "ChessBase"]
[SourceQuality "1"]
[TimeControl "40/5400+30:1800+30"]

1. d4 g6 2. e4 d6 3. c4 Bg7 4. Nc3 Nf6 5. h3 O-O 6. Be3 c5 7. dxc5 dxc5 8. Qxd8 Rxd8 9. e5 Nfd7 10. f4 b6 11. Be2 Bb7 12. Nf3 Nc6 13. Kf2 Nf8 14. Rad1 Ne6 15. Nd5 Kf8 16. Bd3 Rd7 17. h4 Rad8 18. h5 Nc7 19. Nxc7 Rxd3 20. Rxd3 Rxd3 21. h6 Bh8 22. Nd5 Ba6 23. b3 f6 24. f5 gxf5 25. e6 Ne5 26. Bf4 Ng4+ 27. Ke1 Ne5 28. Rh3 Rxd5 29. Bxe5 Rd8 30. Bc7 Rc8 31. Bh2 Rc6 32. Rh5 Bc8 33. Rxf5 Bxe6 34. Rf4 Bf7 35. Nh4 Re6+ 36. Kd2 Re5 37. g4 Rg5 {[%emt 1:47:08]} 38. Re4 {[%emt 1:48:25]} e5 {[%emt 0:00:30]} 39. Nf3 {[%emt 0:00:30]} Rg6 {[%emt 0:00:30]} 40. g5 {[%emt 0:00:00]} f5 {[%emt 0:00:00]} 41. Rxe5 {[%emt 0:06:35]} Bxe5 {[%emt 0:04:22]} 42. Bxe5 {[%emt 0:00:30]} Re6 {[%emt 0:00:30]} 43. Bf6 {[%emt 0:02:30]} Re4 {[%emt 0:02:30]} 44. Ne5 {[%emt 0:00:30]} Be8 {[%emt 0:04:30]} 45. a3 {[%emt 0:03:30]} Kg8 {[%emt 0:02:30]} 46. Kd3 {[%emt 0:04:31]} Bh5 {[%emt 0:03:02]} 47. Nc6 {[%emt 0:04:16]} Bg6 {[%emt 0:01:07]} 48. Ne5 {[%emt 0:02:49]} f4 {[%emt 0:01:33]} 49. Kd2 {[%emt 0:00:53]} Bh5 {[%emt 0:01:00]} 0-1

[Event "Turkish Super League 2019"]
[Site "Konya"]
[Date "2019.07.21"]
[Round "6"]
[White "Ozen, Deniz"]
[Black "Firat, Burak"]
[Result "1/2-1/2"]
[WhiteElo "2430"]
[BlackElo "2463"]
[Annotator "ChessBase"]
[PlyCount "45"]
[EventDate "2019.07.17"]
[EventType "team-tourn"]
[EventCountry "TUR"]
[SourceTitle "playchess.com"]
[Source "ChessBase"]
[SourceQuality "1"]
[TimeControl "40/5400+30:1800+30"]

1. e4 {[%emt 0:00:30]} c5 {[%emt 0:00:30]} 2. Nf3 {[%emt 0:00:00]} d6 {[%emt 0:00:30]} 3. Bb5+ {[%emt 0:00:00]} Nd7 {[%emt 0:00:00]} 4. Ba4 {[%emt 0:00:30]} Ngf6 {[%emt 0:05:00]} 5. O-O {[%emt 0:00:00]} e6 {[%emt 0:06:30]} 6. Re1 {[%emt 0:01:00]} a6 {[%emt 0:01:30]} 7. c4 {[%emt 0:00:00]} Be7 {[%emt 0:00:30]} 8. Nc3 {[%emt 0:01:00]} O-O {[%emt 0:00:30]} 9. d3 {[%emt 0:00:00]} Qc7 {[%emt 0:07:30]} 10. h3 {[%emt 0:04:00]} Rd8 {[%emt 0:08:30]} 11. a3 {[%emt 0:06:30]} Nf8 {[%emt 0:05:30]} 12. Be3 {[%emt 0:14:30]} Ng6 {[%emt 0:02:30]} 13. Rc1 {[%emt 0:02:30]} Bd7 {[%emt 0:03:30]} 14. Bxd7 {[%emt 0:01:30]} Nxd7 {[%emt 0:01:30]} 15. b4 {[%emt 0:06:30]} Bf6 {[%emt 0:04:30]} 16. Qb3 {[%emt 0:05:30]} Nge5 {[%emt 0:04:30]} 17. Nxe5 {[%emt 0:00:30]} Nxe5 {[%emt 0:00:30]} 18. Ne2 {[%emt 0:01:30]} b6 {[%emt 0:03:30]} 19. Red1 {[%emt 0:08:30]} Rac8 {[%emt 0:05:30]} 20. Rb1 {[%emt 0:04:30]} Rb8 {[%emt 0:03:30]} 21. Rbc1 {[%emt 0:06:30]} Rbc8 {[%emt 0:00:30]} 22. Rb1 {[%emt 0:00:30]} Rb8 {[%emt 0:00:30]} 23. Rbc1 {[%emt 0:02:30]} 1/2-1/2

[Event "Turkish Super League 2019"]
[Site "Konya"]
[Date "2019.07.21"]
[Round "6"]
[White "Szczepkowska, Karina"]
[Black "Dordzhieva, Dinara"]
[Result "1/2-1/2"]
[WhiteElo "2425"]
[BlackElo "2306"]
[Annotator "NA"]
[PlyCount "71"]
[EventDate "2019.07.17"]
[EventType "team-tourn"]
[EventCountry "TUR"]
[SourceTitle "playchess.com"]
[Source "ChessBase"]
[SourceQuality "1"]
[TimeControl "40/5400+30:1800+30"]

1. d4 {[%emt 0:00:30]} d6 {[%emt 0:00:30]} 2. Nf3 {[%emt 0:05:30]} g6 {[%emt 0:00:30]} 3. c4 {[%emt 0:01:30]} Bg7 {[%emt 0:00:30]} 4. Nc3 {[%emt 0:00:30]} Nf6 {[%emt 0:00:00]} 5. e4 {[%emt 0:00:30]} O-O {[%emt 0:00:00]} 6. Be2 {[%emt 0:00:30]} e5 {[%emt 0:00:30]} 7. O-O {[%emt 0:00:00]} Nbd7 {[%emt 0:03:30]} 8. Be3 {[%emt 0:03:00]} a5 {[%emt 0:04:30]} 9. dxe5 {[%emt 0:08:30]} dxe5 {[%emt 0:00:30]} 10. Qc2 {[%emt 0:08:30]} c6 {[%emt 0:02:30]} 11. Nd2 {[%emt 0:02:30]} Qe7 {[%emt 0:02:30]} 12. Na4 {[%emt 0:00:30]} Ne8 {[%emt 0:07:30]} 13. Bg4 {[%emt 0:07:30]} Nd6 {[%emt 0:11:30]} 14. Be2 {[%emt 0:08:30]} Ne8 {[%emt 0:08:30]} 15. Rfd1 {[%emt 0:06:30]} Nc7 {[%emt 0:00:30]} 16. c5 {[%emt 0:01:30]} Ne6 {[%emt 0:05:30]} 17. Nb3 {[%emt 0:02:30]} f5 {[%emt 0:06:30]} 18. exf5 {[%emt 0:06:30]} gxf5 {[%emt 0:02:30]} 19. f3 {[%emt 0:01:30]} Kh8 {[%emt 0:02:30]} 20. Bf1 {[%emt 0:02:30]} Ng5 {[%emt 0:10:30]} 21. Nd2 {[%emt 0:02:30]} e4 {[%emt 0:07:30]} 22. f4 {[%emt 0:03:30]} Ne6 {[%emt 0:00:30]} 23. Nc4 {[%emt 0:00:30]} Nf6 {[%emt 0:01:30]} 24. Nab6 {[%emt 0:05:30]} Rb8 {[%emt 0:00:30]} 25. Nd6 {[%emt 0:00:30]} Ng4 {[%emt 0:02:44]} 26. Qe2 {[%emt 0:01:35]} Nxe3 {[%emt 0:04:13]} 27. Qxe3 {[%emt 0:00:25]} Bd7 {[%emt 0:01:06]} 28. Rab1 {[%emt 0:04:02]} Be8 {[%emt 0:00:44]} 29. Kh1 {[%emt 0:02:02]} Bh5 {[%emt 0:01:42]} 30. Rd2 {[%emt 0:00:13]} Rbd8 {[%emt 0:01:16]} 31. Nbc4 {[%emt 0:02:00]} a4 {[%emt 0:00:30]} 32. g3 {[%emt 0:02:02]} Nc7 {[%emt 0:05:11]} 33. Nb6 {[%emt 0:00:15]} Ne8 {[%emt 0:03:43]} 34. Nbc4 {[%emt 0:03:07]} Nc7 {[%emt 0:00:13]} 35. Nb6 {[%emt 0:01:23]} Ne8 {[%emt 0:00:20]} 36. Nbc4 {[%emt 0:00:00]} 1/2-1/2

[Event "Turkish Super League 2019"]
[Site "Konya"]
[Date "2019.07.21"]
[Round "6"]
[White "Gadimbayli, Abdulla"]
[Black "Rasulov, Vugar"]
[Result "1/2-1/2"]
[WhiteElo "2414"]
[BlackElo "2534"]
[Annotator "ChessBase"]
[PlyCount "68"]
[EventDate "2019.07.17"]
[EventType "team-tourn"]
[EventCountry "TUR"]
[SourceTitle "playchess.com"]
[Source "ChessBase"]
[SourceQuality "1"]
[TimeControl "40/5400+30:1800+30"]

1. e4 {[%emt 0:00:30]} c5 {[%emt 0:01:30]} 2. Nf3 {[%emt 0:00:00]} d6 {[%emt 0:00:30]} 3. Bb5+ {[%emt 0:00:00]} Nd7 {[%emt 0:01:30]} 4. O-O {[%emt 0:00:30]} a6 {[%emt 0:00:00]} 5. Be2 {[%emt 0:00:00]} Ngf6 {[%emt 0:00:00]} 6. d3 {[%emt 0:00:00]} e6 {[%emt 0:01:30]} 7. a4 {[%emt 0:00:00]} b6 {[%emt 0:00:30]} 8. Na3 {[%emt 0:03:00]} Bb7 {[%emt 0:01:30]} 9. Bf4 {[%emt 0:02:30]} Be7 {[%emt 0:01:30]} 10. Nc4 {[%emt 0:02:30]} e5 {[%emt 0:05:30]} 11. Bg3 {[%emt 0:02:30]} Nh5 {[%emt 0:02:30]} 12. Bh4 {[%emt 0:03:30]} Nhf6 {[%emt 0:00:00]} 13. Ne3 {[%emt 0:03:30]} g6 {[%emt 0:00:00]} 14. Nd2 {[%emt 0:00:30]} O-O {[%emt 0:03:30]} 15. c3 {[%emt 0:14:30]} d5 {[%emt 0:08:30]} 16. exd5 {[%emt 0:04:30]} Nxd5 {[%emt 0:00:30]} 17. Bxe7 {[%emt 0:01:30]} Qxe7 {[%emt 0:00:30]} 18. Bf3 {[%emt 0:08:30]} N7f6 {[%emt 0:05:30]} 19. Nxd5 {[%emt 0:08:30]} Bxd5 {[%emt 0:00:30]} 20. Re1 {[%emt 0:01:30]} Rad8 {[%emt 0:02:30]} 21. Bxd5 {[%emt 0:10:30]} Rxd5 {[%emt 0:01:30]} 22. Qb3 {[%emt 0:00:30]} Rb8 {[%emt 0:05:30]} 23. Nf3 {[%emt 0:05:30]} Qd6 {[%emt 0:02:30]} 24. h3 {[%emt 0:08:29]} Kg7 {[%emt 0:03:30]} 25. Re3 {[%emt 0:00:49]} b5 {[%emt 0:04:30]} 26. axb5 {[%emt 0:00:06]} axb5 {[%emt 0:00:30]} 27. Ra7 {[%emt 0:00:52]} c4 {[%emt 0:01:30]} 28. dxc4 {[%emt 0:00:56]} bxc4 {[%emt 0:00:00]} 29. Qxc4 {[%emt 0:00:08]} e4 {[%emt 0:01:00]} 30. Nd4 {[%emt 0:00:57]} Rxb2 {[%emt 0:00:30]} 31. g3 {[%emt 0:01:20]} Rb8 {[%emt 0:05:30]} 32. Kg2 {[%emt 0:03:44]} h5 {[%emt 0:04:30]} 33. Rc7 {[%emt 0:03:55]} Rb6 {[%emt 0:03:30]} 34. Ne2 {[%emt 0:01:36]} h4 {[%emt 0:13:30]} 1/2-1/2

[Event "Turkish Super League 2019"]
[Site "Konya"]
[Date "2019.07.21"]
[Round "6"]
[White "Gulbas, Cemil"]
[Black "Ertan, Can"]
[Result "1/2-1/2"]
[WhiteElo "2380"]
[BlackElo "2396"]
[Annotator "NA"]
[PlyCount "115"]
[EventDate "2019.07.17"]
[EventType "team-tourn"]
[EventCountry "TUR"]
[SourceTitle "playchess.com"]
[Source "ChessBase"]
[SourceQuality "1"]
[TimeControl "40/5400+30:1800+30"]

1. e4 e5 2. Nf3 Nc6 3. Bc4 Bc5 4. c3 Nf6 5. d3 O-O 6. Bg5 d6 7. Bb3 h6 8. Bh4 a6 9. Nbd2 Be6 10. Nf1 g5 11. Bg3 d5 12. Qe2 dxe4 13. dxe4 Bxb3 14. axb3 Qd6 15. h4 g4 16. N3d2 Rad8 17. h5 Kh7 18. Bh4 Rd7 19. Nc4 Qe6 20. Bxf6 Qxf6 21. Nce3 Rg8 22. Rd1 Rxd1+ 23. Kxd1 Qf4 24. Ng3 Rd8+ 25. Kc2 Ne7 26. Rf1 Rd6 27. b4 Ba7 28. Nef5 Nxf5 29. Nxf5 Rd7 30. f3 gxf3 31. Rxf3 Qg5 32. Rg3 Qf4 33. Kb3 c5 34. bxc5 Bxc5 35. Rg7+ Kh8 36. Qc4 Qf2 37. Ka2 b5 38. Qb3 Qxf5 39. exf5 Kxg7 {[%emt 1:48:27]} 40. Qc2 {[%emt 1:18:00]} Rd6 {[%emt 0:00:00]} 41. Qe4 {[%emt 0:31:30]} Kf6 {[%emt 0:02:03]} 42. g4 {[%emt 0:01:30]} Bb6 {[%emt 0:01:30]} 43. g5+ {[%emt 0:02:30]} Kxg5 {[%emt 0:00:30]} 44. Qxe5 {[%emt 0:00:30]} Rf6 {[%emt 0:00:30]} 45. Qb8 {[%emt 0:05:30]} Bf2 {[%emt 0:02:30]} 46. Qd8 {[%emt 0:03:30]} Bh4 {[%emt 0:01:30]} 47. b3 {[%emt 0:02:20]} Kxh5 {[%emt 0:00:30]} 48. c4 {[%emt 0:00:24]} Rxf5 {[%emt 0:02:30]} 49. Qd1+ {[%emt 0:00:05]} Kg6 {[%emt 0:00:00]} 50. c5 {[%emt 0:01:26]} Bg3 {[%emt 0:05:38]} 51. Qd3 {[%emt 0:01:06]} Be5 {[%emt 0:02:08]} 52. c6 {[%emt 0:01:01]} h5 {[%emt 0:00:09]} 53. Kb1 {[%emt 0:03:01]} f6 {[%emt 0:02:17]} 54. Qc2 {[%emt 0:02:36]} Bc7 {[%emt 0:02:50]} 55. Qe4 {[%emt 0:00:55]} Be5 {[%emt 0:00:30]} 56. Qc2 {[%emt 0:00:07]} Bc7 {[%emt 0:00:05]} 57. Qe4 {[%emt 0:00:30]} Be5 {[%emt 0:00:00]} 58. Qc2 {[%emt 0:00:11]} 1/2-1/2

[Event "Turkish Super League 2019"]
[Site "Konya"]
[Date "2019.07.21"]
[Round "6"]
[White "Buksa, Nataliya"]
[Black "Tsolakidou, Stavroula"]
[Result "1-0"]
[WhiteElo "2379"]
[BlackElo "2423"]
[Annotator "NA"]
[PlyCount "71"]
[EventDate "2019.07.17"]
[EventType "team-tourn"]
[EventCountry "TUR"]
[SourceTitle "playchess.com"]
[Source "ChessBase"]
[SourceQuality "1"]
[TimeControl "40/5400+30:1800+30"]

1. e4 {[%emt 0:00:30]} e5 {[%emt 0:00:30]} 2. Nf3 {[%emt 0:00:30]} Nc6 {[%emt 0:00:00]} 3. Bb5 {[%emt 0:05:30]} g6 {[%emt 0:00:00]} 4. c3 {[%emt 0:00:00]} a6 {[%emt 0:00:30]} 5. Ba4 {[%emt 0:00:00]} Bg7 {[%emt 0:00:30]} 6. d4 {[%emt 0:00:30]} exd4 {[%emt 0:00:30]} 7. cxd4 {[%emt 0:00:00]} b5 {[%emt 0:00:30]} 8. Bc2 {[%emt 0:00:00]} d6 {[%emt 0:05:30]} 9. d5 {[%emt 0:08:30]} Na5 {[%emt 0:00:30]} 10. Bd2 {[%emt 0:00:30]} Bxb2 {[%emt 0:07:30]} 11. Bxa5 {[%emt 0:00:30]} Bxa1 {[%emt 0:00:30]} 12. Nc3 {[%emt 0:02:30]} Bb2 {[%emt 0:00:30]} 13. O-O {[%emt 0:00:30]} Nf6 {[%emt 0:23:30]} 14. Qd2 {[%emt 0:24:30]} O-O {[%emt 0:08:30]} 15. Nd1 {[%emt 0:13:30]} Ba3 {[%emt 0:02:30]} 16. Bc3 {[%emt 0:01:30]} Ne8 {[%emt 0:11:30]} 17. Ne3 {[%emt 0:07:30]} Bc5 {[%emt 0:02:30]} 18. Ba1 {[%emt 0:05:30]} Bd7 {[%emt 0:12:30]} 19. Nd4 {[%emt 0:00:30]} Qh4 {[%emt 0:06:09]} 20. Nc6 {[%emt 0:09:16]} h6 {[%emt 0:00:54]} 21. g3 {[%emt 0:01:55]} Qg5 {[%emt 0:03:15]} 22. Qc3 {[%emt 0:02:11]} Kh7 {[%emt 0:01:15]} 23. h4 {[%emt 0:00:29]} b4 {[%emt 0:08:58]} 24. Qd3 {[%emt 0:01:13]} Bxc6 {[%emt 0:00:48]} 25. hxg5 {[%emt 0:00:43]} Bb5 {[%emt 0:00:30]} 26. Nc4 {[%emt 0:00:00]} hxg5 {[%emt 0:00:33]} 27. Kg2 {[%emt 0:00:04]} Ng7 {[%emt 0:00:00]} 28. g4 {[%emt 0:01:26]} Kg8 {[%emt 0:00:05]} 29. Rh1 {[%emt 0:00:53]} f6 {[%emt 0:00:35]} 30. Rh6 {[%emt 0:02:16]} Rf7 {[%emt 0:03:01]} 31. Qh3 {[%emt 0:00:40]} Rff8 {[%emt 0:00:09]} 32. Ne3 {[%emt 0:02:32]} Kf7 {[%emt 0:00:50]} 33. Rh7 {[%emt 0:00:03]} Rg8 {[%emt 0:00:58]} 34. Qf3 {[%emt 0:00:11]} Raf8 {[%emt 0:00:18]} 35. Qxf6+ {[%emt 0:00:53]} Ke8 {[%emt 0:00:30]} 36. Qxg6+ {[%emt 0:00:00]} 1-0

[Event "Turkish Super League 2019"]
[Site "Konya"]
[Date "2019.07.21"]
[Round "6"]
[White "Arat, Ufuk Sezen"]
[Black "Samani, Yamac"]
[Result "0-1"]
[WhiteElo "2376"]
[BlackElo "2266"]
[Annotator "NA"]
[PlyCount "90"]
[EventDate "2019.07.17"]
[EventType "team-tourn"]
[EventCountry "TUR"]
[SourceTitle "playchess.com"]
[Source "ChessBase"]
[SourceQuality "1"]
[TimeControl "40/5400+30:1800+30"]

1. d4 Nf6 2. c4 e6 3. g3 d5 4. Bg2 Be7 5. Nf3 O-O 6. O-O dxc4 7. Qa4 a6 8. Qxc4 b5 9. Qc2 Bb7 10. Bd2 Be4 11. Qc1 Nc6 12. Nc3 Bxf3 13. Bxf3 Nxd4 14. Bxa8 Qxa8 15. Bf4 c5 16. Be5 Rd8 17. Rd1 Ng4 18. Bxd4 cxd4 19. Nb1 d3 20. Qf4 dxe2 21. Rxd8+ Bxd8 22. Nc3 h5 23. Re1 b4 24. Qe4 Qa7 25. Rxe2 bxc3 26. bxc3 Nxf2 27. Qc6 Ng4+ 28. Kg2 Bf6 29. c4 Ne3+ 30. Kf3 Nf5 31. Kg2 Nd4 32. Qc8+ Kh7 33. Rd2 Qb6 34. Qa8 Nf5 35. Qe4 Qe3 36. Qd3 Bc3 37. Rd1 Bd4 38. Kh1 Qe5 39. Qf3 g6 40. Rc1 Kg7 {[%emt 1:15:00]} 41. Qf4 {[%emt 1:51:30]} Qc5 {[%emt 0:30:30]} 42. Qe4 {[%emt 0:00:30]} Nd6 {[%emt 0:00:30]} 43. Qe2 {[%emt 0:00:30]} e5 {[%emt 0:00:30]} 44. h3 {[%emt 0:00:30]} Nf5 {[%emt 0:00:30]} 45. Kh2 {[%emt 0:00:00]} Nxg3 {[%emt 0:01:30]} 0-1